Statistics for 2-Letter Geography

Click here to take the quiz!

General Stats

  • This quiz has been taken 93 times
  • The average score is 3 of 6

Answer Stats

Hint 2-letter place % Correct
River that runs through TurinPo
89%
Country code for DenmarkDK
83%
Land where Dorothy ends up inOz
77%
Important sumerian city-state in ancient MesopotamiaUr
41%
Siberian river, 7th longest in the worldOb
35%
A mountain range in IrelandOx
5%

Score Distribution

Percentile by Number Answered

Percent of People with Each Score

Your Score History

You have not taken this quiz